000 00583nam a2200181Ia 4500
003 GCL
008 140319s9999 xx 000 0 ara d
040 _aGCL /
_cGCL
082 0 4 _a373.19
_bم ق
100 1 _aمحمد امين المفتى (مترجم)
245 1 0 _aقراءات فى تعليم الرياضات /
_cمحمد امين المفتى (مترجم)
260 _a[S.N] :
_bمكتبة الانجلوالمصرية ،
_c1995
300 _a273 ص
490 _a
650 0 4 _aالتعليم
650 0 4 _aالرياضيات - طرق التدريس
942 _2ddc
_cBK
999 _c37313
_d37313